Statistiche per Riconosci l'Anno dagli eventi - Quiz n°182

Clicka qui per fare il quiz!

Statistiche generali

  • Questo quiz è stato fatto 6 volte
  • Il punteggio medio è 7 su 8

Statistiche sulle risposte

IndizioRisposta% Corretto
E10 luglio: ha inizio il governo Minghetti II, che raggiungerà per la prima volta il pareggio del bilancio
100%
F12 luglio: scoppia in Spagna, durante il sessennio democratico, la rivoluzione cantonale che porterà la città di Cartagena a nominarsi autonoma ed indipendente col Cantone di Cartagena.
100%
D9 maggio: debutta di venerdì a Vienna la Lunga Depressione che si diffonderà poi attraverso le banche in tutto il mondo.
100%
BFa la sua prima apparizione la Single Action Army, il celebre revolver prodotto dalla Colt.
100%
ATecnologia – Decade il brevetto di Antonio Meucci relativo all'invenzione del telefono. Tre anni dopo, Bell a sua volta depositerà un suo brevetto
100%
GViene creata la Lega dei Tre Imperatori. Essa unisce i monarchi conservatori di Austria-Ungheria, Impero tedesco e Impero russo in un'alleanza contro i movimenti radicali.
100%
C31 gennaio: esce il primo numero della rivista La Scuola Cattolica.
80%
Anno1873
60%

Distribuzione punteggi

Percentile per numero di risposta

Percentuale di utenti per punteggio

I tuoi punteggi nel tempo

Non hai fatto questo quiz